الإرشاد المدرسي : (رقم التسجيلة. 33492)

تفاصيل مارك
000 -الفاتح
حقل البيانات ثابتة الطول 00763nam a22002177a 4500
003 - محدد رقم الضبط
رقم الضبط OSt
005 - وقت وتاريخ اخر تعامل مع التسجيلة
رقم الضبط 20150408114206.0
008 - عناصر البيانات ثابتة الطول - معلومات عامة
حقل البيانات ثابتة الطول 140204s 2012jo ||||g b 00| 0 ara d
020 ## - الرقم الدولى المعيارى للكتب
الرقم الدولى المعيارى للكتاب 9789957077792
040 ## - مصدر الفهرسة
وكالة الفهرسة الأصلية ma-un
082 ## - رقم تصنيف ديوى العشرى
رقم الطبعة 21
رقم التصنيف 371.4
رقم المادة د ع إ
100 ## - المدخل الرئيسى - إسم شخصى
الإسم الشخصى دبور، عبد اللطيف.
9 (RLIN) 42724
245 ## - بيان العنوان
العنوان الإرشاد المدرسي :
بقية العنوان بين النظرية والتطبيق /
بيان المسئوليه,etc عبد اللطيف دبور، عبد الحكيم الصافي.
250 ## - بيان الطبعة
بيان الطبعة ط. 2.
260 ## - PUBLICATION, DISTRIBUTION, ETC. (IMPRINT)
مكان الناشر او الموزع عمان، الأردن :
اسم الناشر او الموزع دار الفكر،
تاريخ النشر أو التوزيع 2012
300 ## - الوصف المادى
التعداد 428 ص. ؛
أبعاد الوعاء 24 سم.
504 ## - تبصرة ببليوجرافية
تبصرة ببليوجرافية,الخ قائمة ببليوجرافية.
650 ## - المدخل الاضافى بالموضوع-مصطلح موضوعى
مصطلح موضوعي أو اسم جغرافي كعنصر مدخل التوجيه التربوي
700 ## - المدخل الاضافى - اسم شخصى
الإسم الشخصى الصافي، عبد الحكيم
9 (RLIN) 20269
942 ## - عناصر المدخل الإضافي( كوها)
مصدر التصنيف او مخطط الترفيف Dewey Decimal Classification
Koha [default] item type كتاب
المقتنيات
حالة الفقد نموذج السعر الفعال حالة تلف ليس للاعارة رقم الطلب تاريخ الاكتساب الموقع الحالي الباركود الفرع الرئيسي Date last seen نوع المادة فى نظام كوها مصدر التصنيف او خطة الترفيف Total Checkouts Date last checked out
  2014-02-04     371.4 د ع إ 2014-02-04 المكتبة المركزية بالمجمعة (CL) 00122236 المكتبة المركزية بالمجمعة (CL) 2014-02-04 كتاب Dewey Decimal Classification    
  2014-02-04     371.4 د ع إ 2014-02-04 المكتبة المركزية بالمجمعة (CL) 00122237 المكتبة المركزية بالمجمعة (CL) 2014-02-04 كتاب Dewey Decimal Classification    
  2014-02-04     371.4 د ع إ 2014-02-04 المكتبة المركزية بالمجمعة (CL) 00122238 المكتبة المركزية بالمجمعة (CL) 2014-02-04 كتاب Dewey Decimal Classification    
  2014-02-04     371.4 د ع إ 2014-02-04 مكتبة كلية التربية بالزلفى - طالبات (EZF) 00122340 مكتبة كلية التربية بالزلفى - طالبات (EZF) 2014-02-04 كتاب Dewey Decimal Classification    
  2014-02-04     371.4 د ع إ 2014-02-04 مكتبة كلية التمريض - طالبات (CNF) 00122344 مكتبة كلية التمريض - طالبات (CNF) 2014-02-04 كتاب Dewey Decimal Classification    
  2014-02-04     371.4 د ع إ 2014-02-04 مكتبة كلية التمريض - طالبات (CNF) 00122345 مكتبة كلية التمريض - طالبات (CNF) 2014-02-04 كتاب Dewey Decimal Classification    
  2014-02-04     371.4 د ع إ 2014-02-04 مكتبة كلية العلوم و الدراسات الإنسانية برماح - طالبات (SRF) 00122346 مكتبة كلية العلوم و الدراسات الإنسانية برماح - طالبات (SRF) 2015-11-08 كتاب Dewey Decimal Classification 1 2015-10-28
  2014-02-04     371.4 د ع إ 2014-02-04 مكتبة كلية العلوم و الدراسات الإنسانية برماح - طالبات (SRF) 00122347 مكتبة كلية العلوم و الدراسات الإنسانية برماح - طالبات (SRF) 2014-02-04 كتاب Dewey Decimal Classification    
  2014-02-04     371.4 د ع إ 2014-02-04 مكتبة مجمع الطالبات بالمجمعة (EMF) 00122342 مكتبة مجمع الطالبات بالمجمعة (EMF) 2016-11-10 كتاب Dewey Decimal Classification 1 2016-11-01
  2014-02-04     371.4 د ع إ 2014-02-04 مكتبة مجمع الطالبات بالمجمعة (EMF) 00122343 مكتبة مجمع الطالبات بالمجمعة (EMF) 2018-03-29 كتاب Dewey Decimal Classification 4 2018-03-15
  2014-02-04     371.4 د ع إ 2014-02-04 مكتبة مجمع الكليات بالزلفى - طلاب (SZM) 00122348 مكتبة مجمع الكليات بالزلفى - طلاب (SZM) 2014-02-04 كتاب Dewey Decimal Classification    
  2014-02-04     371.4 د ع إ 2014-02-04 مكتبة مجمع الكليات بالزلفى - طلاب (SZM) 00122349 مكتبة مجمع الكليات بالزلفى - طلاب (SZM) 2014-02-04 كتاب Dewey Decimal Classification